Normal view
MARC view
- تاليف العلفي، أحمد بن إسماعيل القرشي
Entry Personal Name
001 - CONTROL NUMBER
- control field: 36823
003 - CONTROL NUMBER IDENTIFIER
- control field: JO-AjAnu
005 - DATE AND TIME OF LATEST TRANSACTION
- control field: 20230606080139.0
008 - FIXED-LENGTH DATA ELEMENTS
- fixed length control field: 230606|| aca||aabn | a|a d
040 ## - CATALOGING SOURCE
- Original cataloging agency: JO-AjAnu
- Transcribing agency: JO-AjAnu
100 ## - HEADING--PERSONAL NAME
- Personal name: تاليف العلفي، أحمد بن إسماعيل القرشي
670 ## - SOURCE DATA FOUND
- Source citation: Work cat.: (JO-AjAnu)18901: تاليف العلفي، أحمد بن إسماعيل القرشي, author, المختصر المفيد فيما لا يجوز الإخلال به لكل مكلف من العبيد